000 00763nam a22001935i 4500
001 164654
003 ES-MaACL
005 20230906212957.0
008 050804s1865 fr | |||||||| ||fre d
040 _aCAM
_bspa
_cCAM
100 1 _aSand, George,
_d1804-1876
_9103060
245 1 3 _aLe drac
_b: drame fantastique en trois actes /
_cpar George Sand et Paul Meurice.
260 _aParis :
_bMichel Lévy frères libraires éditeurs,
_c1865 (
_fJ. Claye imprimeur)
300 _a72 p. ;
_c18 cm.
500 _aReprésenté pour la premieère fois, à Paris, sur le théatre du Vaudeville, le 28 septembre 1864.
700 1 _aMeurice, Paul.
_9129884
852 _aES-MaACL
_jT-725-F-2
_z-- Enc. hol. conservando la cub. original
999 _c164654
_d164654